ARRUPE JESUIT UNIVERSITY

CORONAVIRUS -STOP THE SPREAD - CLEAN,DISINFECT,COVER

That noble cabinet : (Record no. 130252)

MARC details
000 -LEADER
fixed length control field 00902cam a2200277 i 4500
001 - CONTROL NUMBER
control field 1267088
003 - CONTROL NUMBER IDENTIFIER
control field ARRUPE
005 - DATE AND TIME OF LATEST TRANSACTION
control field 20200131120507.0
008 - FIXED-LENGTH DATA ELEMENTS--GENERAL INFORMATION
fixed length control field 741030s1973 enkacf b 001 0 eng
010 ## - LIBRARY OF CONGRESS CONTROL NUMBER
LC control number 74186524
015 ## - NATIONAL BIBLIOGRAPHY NUMBER
National bibliography number GB74-05960
020 ## - INTERNATIONAL STANDARD BOOK NUMBER
International Standard Book Number 023396410X :
Terms of availability £4.80
040 ## - CATALOGING SOURCE
Original cataloging agency DLC
Transcribing agency DLC
Modifying agency DLC
043 ## - GEOGRAPHIC AREA CODE
Geographic area code e-uk---
-- e-uk-en
050 00 - LIBRARY OF CONGRESS CALL NUMBER
Classification number AM101.B87
Item number M63 1973
082 00 - DEWEY DECIMAL CLASSIFICATION NUMBER
Classification number 069/.09421/42
300 ## - PHYSICAL DESCRIPTION
Other physical details ill., ports. ;
Dimensions 24 cm.
100 1# - MAIN ENTRY--PERSONAL NAME
Personal name Miller, Edward,
Dates associated with a name 1914-
9 (RLIN) 49248
245 10 - TITLE STATEMENT
Title That noble cabinet :
Remainder of title a history of the British Museum /
Statement of responsibility, etc [by] Edward Miller ; foreword by Sir John Wolfenden.
260 ## - PUBLICATION, DISTRIBUTION, ETC. (IMPRINT)
Place of publication, distribution, etc London :
Name of publisher, distributor, etc Andre Deutsch,
Date of publication, distribution, etc 1973.
300 ## - PHYSICAL DESCRIPTION
Extent 3-400 p., [16] p. of plates :
500 ## - GENERAL NOTE
General note Includes index.
504 ## - BIBLIOGRAPHY, ETC. NOTE
Bibliography, etc Bibliography: p. [372]-285.
610 20 - SUBJECT ADDED ENTRY--CORPORATE NAME
Corporate name or jurisdiction name as entry element British Museum
General subdivision History.
9 (RLIN) 49249
906 ## - LOCAL DATA ELEMENT F, LDF (RLIN)
a 7
b cbc
c orignew
d 3
e ncip
f 19
g y-gencatlg
942 ## - ADDED ENTRY ELEMENTS (KOHA)
Source of classification or shelving scheme Library of Congress Classification
Koha item type Monograph ( Printed materials)
Holdings
Withdrawn status Lost status Source of classification or shelving scheme Damaged status Not for loan Collection code Home library Current library Shelving location Date acquired Total Checkouts Full call number Barcode Date last seen Price effective from Koha item type
    Library of Congress Classification     Main Collection ARRUPE LIBRARY ARRUPE LIBRARY Main Collection 31/01/2020   AM101.B87 M63 1973 46600006619 31/01/2020 31/01/2020 Monograph ( Printed materials)

 

Arrupe Library. PO Box MP320 Mt Pleasant, Harare, Zimbabwe
263 242 745411|librarian@aju.ac.zw